<?xml version="1.0" encoding="UTF-8"?>
<collection xmlns="http://www.loc.gov/MARC21/slim">
 <record>
  <leader>02308nam a2200325 a 4500</leader>
  <controlfield tag="001">TVCDKTCT408</controlfield>
  <controlfield tag="003">Thư viện trường Cao đẳng Kỹ thuật Cao Thắng</controlfield>
  <controlfield tag="005">20221024092940.000</controlfield>
  <controlfield tag="008">050802</controlfield>
  <datafield tag="980" ind1="\" ind2="\">
   <subfield code="a">Thư viện Trường CĐ Kỹ Thuật Cao Thắng</subfield>
  </datafield>
  <datafield tag="024" ind1=" " ind2=" ">
   <subfield code="a">RG_1 #1 eb0 i1</subfield>
  </datafield>
  <datafield tag="041" ind1="0" ind2="#">
   <subfield code="a">vie</subfield>
  </datafield>
  <datafield tag="082" ind1="#" ind2="#">
   <subfield code="a">537.6 / </subfield>
   <subfield code="b">Đ450-T v</subfield>
  </datafield>
  <datafield tag="100" ind1="1" ind2="#">
   <subfield code="a">Đỗ văn Thắng</subfield>
  </datafield>
  <datafield tag="245" ind1="0" ind2="0">
   <subfield code="a">Vận hành thiết bị lò hơi và tuabin của nhà máy nhiệt điện / </subfield>
   <subfield code="c">Đỗ văn Thắng</subfield>
  </datafield>
  <datafield tag="250" ind1="#" ind2="#">
   <subfield code="a">In lần thứ 1</subfield>
  </datafield>
  <datafield tag="260" ind1="#" ind2="#">
   <subfield code="a">H. : </subfield>
   <subfield code="b">Giáo Dục , </subfield>
   <subfield code="c">2008</subfield>
  </datafield>
  <datafield tag="300" ind1="#" ind2="#">
   <subfield code="a">435tr. ; </subfield>
   <subfield code="c">27cm</subfield>
  </datafield>
  <datafield tag="520" ind1="#" ind2="#">
   <subfield code="a">Chương 1 đến chương 6 :</subfield>
  </datafield>
  <datafield tag="520" ind1="#" ind2="#">
   <subfield code="a">Chương 7 đến chương 16 :</subfield>
  </datafield>
  <datafield tag="520" ind1="#" ind2="#">
   <subfield code="a">Giới thiệu các kiểu vòi đốt than loại mới sử dụng gần đây như các voi UD, Low- Nox, Px... Phương pháp điều chỉnh cháy- Vận hành vòi đốt trong các buồng đốt,  giới thiệu các loại máy nghiền than hiện đại và hệ thống nghiền mới áp dụng ở Việt Nam.</subfield>
  </datafield>
  <datafield tag="520" ind1="#" ind2="#">
   <subfield code="a">Giới thiệu các thiết bị chính của tuabin công suất lớn, đặc trưng cấu trúc của các tuabin công suất lớn và thông số cao và phương thức vận hành các tuabin đó.</subfield>
  </datafield>
  <datafield tag="520" ind1="#" ind2="#">
   <subfield code="a">Sách được chia thành 16 chương</subfield>
  </datafield>
  <datafield tag="520" ind1="#" ind2="#">
   <subfield code="a">Trình bày những kiến thức cơ bản về vận hành hai thiết bị quan trọng nhất trong các nhà máy điện là Lò hơi và tuabin hơi nước, các quá trình xảy ra, quy trình kinh nghiệm vận hành và điều khiển quá trình xảy ra trong lò hơi và tuabin công suất lớn dùng trong nhà máy nhiệt điện.</subfield>
  </datafield>
  <datafield tag="650" ind1="#" ind2="4">
   <subfield code="a">Lò hơi</subfield>
  </datafield>
  <datafield tag="653" ind1="#" ind2="4">
   <subfield code="a">Industrial Steam Boiler</subfield>
  </datafield>
  <datafield tag="653" ind1="#" ind2="4">
   <subfield code="a">Thermal Engineering Technology</subfield>
  </datafield>
  <datafield tag="721" ind1="#" ind2="#">
   <subfield code="a">06. CNKT Nhiệt lạnh</subfield>
  </datafield>
  <datafield tag="721" ind1="#" ind2="#">
   <subfield code="a">13.Kỹ thuật máy lạnh và điều hòa không khí</subfield>
  </datafield>
  <datafield tag="841" ind1="#" ind2="#">
   <subfield code="b">Kho Sách </subfield>
   <subfield code="j">100009017, 100009018, 100009019, 100009020, 100030713, 100030727, 100030731, 100030758, 100030768, 100030773, 100030782, 100030805, 100031110</subfield>
  </datafield>
 </record>
</collection>
